书目信息 |
| 题名: |
传感器与测试技术
|
|
| 作者: | 胡广大 主编 | |
| 分册: | ||
| 出版信息: | 北京 中央广播电视大学出版社 2018重印 |
|
| 页数: | 345页 | |
| 开本: | 26cm | |
| 丛书名: | 机械设计制造及其自动化专业系列教材 | |
| 单 册: | ||
| 中图分类: | TP212.06 | |
| 科图分类: | ||
| 主题词: | 传感器--chuan gan qi--测试技术--高等学校--教材 | |
| 电子资源: | ||
| ISBN: | 978-7-304-06387-0 | |
| 000 | 01106nam 2200289 45 | |
| 001 | 012001000414 | |
| 005 | 20140106085336.0 | |
| 010 | @a978-7-304-06387-0@dCNY42.00 | |
| 099 | @aCAL 012014046372 | |
| 100 | @a20140414d2013 em y0chiy50 ea | |
| 101 | 0 | @achi |
| 102 | @aCN@b110000 | |
| 105 | @aak a 000yy | |
| 106 | @ar | |
| 200 | 1 | @a传感器与测试技术@Achuan gan qi yu ce shi ji shu@f胡广大主编 |
| 210 | @a北京@c中央广播电视大学出版社@d2018重印 | |
| 215 | @a345页@c图@d26cm | |
| 225 | 2 | @a机械设计制造及其自动化专业系列教材@Aji xie she ji zhi zao ji qi zi dong hua zhuan ye xi lie jiao cai |
| 300 | @a国家开放大学 | |
| 320 | @a有书目 (第343-345页) | |
| 330 | @a本书内容包括: 绪论 ; 测量转换基本电路 ; 电路参量式传感器原理与应用 ; 电动势式传感器原理及应用 ; 光电传感器原理及应用 ; 辐射式传感器原理及应用 ; 机器人传感技术等。 | |
| 410 | 0 | @12001@a机械设计制造及其自动化专业系列教材 |
| 606 | 0 | @a传感器@Achuan gan qi@x测试技术@x高等学校@j教材 |
| 690 | @aTP212.06@v5 | |
| 701 | 0 | @a胡广大@Ahu guang da@4主编 |
| 801 | 0 | @aCN@b北京卓展文化@c20191020 |
| 905 | @b1200412-4@dTP212.06@e97@f3 | |
| 传感器与测试技术/胡广大主编.-北京:中央广播电视大学出版社,2018重印 |
| 345页:图;26cm.-(机械设计制造及其自动化专业系列教材) |
| 国家开放大学 |
| ISBN 978-7-304-06387-0:CNY42.00 |
| 本书内容包括: 绪论 ; 测量转换基本电路 ; 电路参量式传感器原理与应用 ; 电动势式传感器原理及应用 ; 光电传感器原理及应用 ; 辐射式传感器原理及应用 ; 机器人传感技术等。 |
| ● |
| 相关链接 |
|
|
|
|
正题名:传感器与测试技术
索取号:TP212.06/97
 
预约/预借
| 序号 | 登录号 | 条形码 | 馆藏地/架位号 | 状态 | 备注 |
| 1 | 1200412 | 212004123 | 第二样本阅览室/ [索取号:TP212.06/97] | 在馆 | |
| 2 | 1200413 | 212004132 | 第三借阅区/ [索取号:TP212.06/97] | 在馆 | |
| 3 | 1200414 | 212004141 | 第三借阅区/ [索取号:TP212.06/97] | 在馆 |